TENWEK HOSP HOME | SOC  | ASK A LIBRARIANSTAFF LOGIN  |  DIGITAL REPOSITORYe-BOOK PORTAL  |  OFF-CAMPUS PORTAL  |  DONATE
Normal view MARC view

Entry Personal Name

Number of records used in: 1

001 - CONTROL NUMBER

  • control field: 3779

003 - CONTROL NUMBER IDENTIFIER

  • control field: Ke-BoTe

005 - DATE AND TIME OF LATEST TRANSACTION

  • control field: 20220427155214.0

008 - FIXED-LENGTH DATA ELEMENTS

  • fixed length control field: 220427|| aca||aabn | a|a d

040 ## - CATALOGING SOURCE

  • Original cataloging agency: Ke-BoTe
  • Transcribing agency: Ke-BoTe

100 ## - HEADING--PERSONAL NAME

  • Personal name: Janney, Caroline .
  • Fuller form of name: Caroline Peterson Janney

670 ## - SOURCE DATA FOUND

  • Source citation: Work cat.: (Ke-BoTe)1914: Janney, Caroline . Caroline Peterson Janney ., Calculation of drug dosages /, c1996 .